Vplyv demografického vývoja na trh práce a ekonomický rast Slovenska diplomová práca

Salvato in:
Dettagli Bibliografici
Autore principale: Brna, Štefan
Ente Autore: Národohospodárska fakulta EU. Katedra sociálneho rozvoja a práce
Altri autori: Pongráczová, Eva, 1971-
Natura: Libro
Lingua:slovacco
Pubblicazione: Bratislava 2024
Tags: Aggiungi Tag
Nessun Tag, puoi essere il primo ad aggiungerne!!

MARC

LEADER 00000nbm a2200000 4500
001 0300642
005 20241022092520.4
041 0 |a slo 
044 |a SK 
245 1 0 |a Vplyv demografického vývoja na trh práce a ekonomický rast Slovenska  |b diplomová práca  |c Štefan Brna ; školiteľ: Eva Pongrácz 
264 1 |a Bratislava  |c 2024 
300 |a 68 s. 
100 1 |a Brna, Štefan 
700 1 |a Pongráczová, Eva, 1971- 
710 2 |a Národohospodárska fakulta EU. Katedra sociálneho rozvoja a práce